00951nam a22002057a 4500003000400000005001700004008004100021020001800062040001200080050001500092082001100107100002000118245010000138260004400238300003400282500002000316505036000336650002900696650002000725OSt20230425095508.0120627t xxu||||| |||| 00| 0 eng d a9780262581554 cWIUC-GH aQL776.H38  a591.59 aHauser, Mark D. aThe evolution of communication in everyday life : a survey of communication. / cMarc D. Hauser aCambridge, Mass. : bMIT Press, c1996. axii, 760 p. : bill. ;c24 cm aIncludes index. aContents: Synopsis of the argument -- The Evolution of communication: historical overview -- Conceptual issues in the study of communication -- Neurobiological design and communication -- Ontogenetic design and communication -- Adaptive design and communication -- Psychological design and communication -- Comparative communication: future directions --  aAnimal communication.  a Communication